| 000 | 00412nam a2200169Ia 4500 | ||
|---|---|---|---|
| 008 | 230711s9999||||xx |||||||||||||| ||und|| | ||
| 020 | _a978-81-775-8409-7 | ||
| 041 | _aENG | ||
| 082 |
_a621.3912 _bMA-D |
||
| 100 | _aMano,M.Morris | ||
| 245 | 0 | _aDigital logic and computer design | |
| 250 | _a1st Ed. | ||
| 260 |
_c1979 _aNew Delhi _bPearson |
||
| 300 | _a612 | ||
| 650 | _aComputer Engineering | ||
| 942 | _cBK | ||
| 999 |
_c5082 _d5082 |
||